Catálogo

Los empeños de una casa. (Registro nro. 65498)

Detalles MARC
000 -LEADER
fixed length control field 00606nam a2200205 u 4500
001 - CONTROL NUMBER
control field 65498
005 - DATE AND TIME OF LATEST TRANSACTION
control field 20191007111023.0
008 - FIXED-LENGTH DATA ELEMENTS--GENERAL INFORMATION
fixed length control field 160613s2010 mx r 000 0 spa d
040 ## - CATALOGING SOURCE
Original cataloging agency CM |b spa |c CM
082 ## - DEWEY DECIMAL CLASSIFICATION NUMBER
Classification number 861.1
Item number CRU
100 1# - MAIN ENTRY--PERSONAL NAME
Personal name Juana Inés de la Cruz
Relator term autor
Titles and words associated with a name c Sor
Dates associated with a name 1651-1695
245 14 - TITLE STATEMENT
Title Los empeños de una casa.
264 ## - PRODUCTION, PUBLICATION, DISTRIBUTION, MANUFACTURE, AND COPYRIGHT NOTICE
Place of production, publication, distribution, manufacture México
Name of producer, publisher, distributor, manufacturer Fontamara
Date of production, publication, distribution, manufacture, or copyright notice 1988
300 ## - PHYSICAL DESCRIPTION
Extent 203 páginas ;
Dimensions 20 cm.
336 ## - CONTENT TYPE
Content type term texto
Source rdacontent
Content type code txt
337 ## - MEDIA TYPE
Media type term sin medio
Source rdamedia
Media type code n
338 ## - CARRIER TYPE
Carrier type term volumen
Source rdacarrier
Carrier type code nc
490 1# - SERIES STATEMENT
Series statement Fontamara |v 55
942 ## - ADDED ENTRY ELEMENTS (KOHA)
Classification part 861.1
Item part CRU
Koha item type Libro
Existencias
Withdrawn status Lost status Source of classification or shelving scheme Damaged status Not for loan Collection code Home library Current library Shelving location Date acquired Source of acquisition Total Checkouts Full call number Barcode Date last seen Price effective from Koha item type
    Dewey Decimal Classification     General Tehuacán Tehuacán Sala general 13/06/2016 Compra   862.1 CRU 2010 510201 08/01/2025 13/06/2016 Libro